[Event "CRO-chT2 West"]
[Site "Rijeka"]
[Date "2020.10.10"]
[Round "4.4"]
[White "Cvencek, Mladen"]
[Black "Franciskovic, Vinko"]
[Result "1-0"]
[WhiteElo "1952"]
[BlackElo "2130"]
[PlyCount "79"]
[EventDate "2020.09.12"]
[EventType "team-tourn"]
[EventRounds "9"]
[EventCountry "CRO"]
[SourceTitle "EXT 2022"]
[Source "ChessBase"]
[SourceDate "2021.10.06"]
[SourceVersion "1"]
[SourceVersionDate "2021.10.06"]
[SourceQuality "1"]
[WhiteTeam "Buje"]
[BlackTeam "Rijeka II"]
[WhiteTeamCountry "CRO"]
[BlackTeamCountry "CRO"]

1. d4 d5 2. Nf3 e6 3. e3 Nf6 4. Bd3 Nbd7 5. 0-0 Bd6 6. c4 dxc4 7. Bxc4 a6 8. Nc3 b5 9. Bd3 Bb7 10. a3 c5 11. dxc5 Nxc5 12. Bc2 0-0 13. b4 Nce4 14. Nxe4 Nxe4 15. Bb2 Qe7 16. Bb3 Rfd8 17. Qe2 Rac8 18. Rac1 Rxc1 19. Rxc1 Ng5 20. Nd4 Bb8 21. Qg4 e5 22. Nc6 Bxc6 23. Rxc6 h6 24. h4 Qb7 25. Rc5 Ne4 26. Bxe5 Bxe5 27. Rxe5 Nf6 28. Qf5 Qc7 29. Rc5 Qd6 30. g4 Rf8 31. g5 Nh7 32. g6 Nf6 33. gxf7+ Kh8 34. Rc8 Nd7 35. Qxd7 Qxd7 36. Rxf8+ Kh7 37. Rh8+ Kxh8 38. f8Q+ Kh7 39. Qg8+ Kg6 40. Qe6+ 1-0

[Event "CRO-chT3W"]
[Site "Croatia"]
[Date "2016.04.09"]
[Round "4.1"]
[White "Franciskovic, Vinko"]
[Black "Crepan, Marjan"]
[Result "0-1"]
[WhiteElo "2081"]
[BlackElo "2308"]
[PlyCount "70"]
[EventDate "2016.03.05"]
[EventType "team-tourn"]
[EventRounds "9"]
[EventCountry "CRO"]
[SourceTitle "CBM 171 Extra"]
[Source "ChessBase"]
[SourceDate "2016.04.26"]
[SourceVersion "1"]
[SourceVersionDate "2016.04.26"]
[SourceQuality "1"]
[WhiteTeam "Rijeka Rijeka II"]
[BlackTeam "Senj Velebit"]
[WhiteTeamCountry "CRO"]
[BlackTeamCountry "CRO"]

1. e4 e5 2. Nf3 Nc6 3. Bc4 Bc5 4. c3 Nf6 5. d4 exd4 6. cxd4 Bb4+ 7. Nc3 Nxe4 8. 0-0 Bxc3 9. d5 Bf6 10. Re1 Ne7 11. Rxe4 d6 12. g4 h6 13. h4 Kf8 14. h5 c6 15. Be3 b5 16. Bb3 c5 17. a4 c4 18. Bc2 Bb7 19. Rxe7 Qxe7 20. axb5 Qd7 21. Nd4 Bxd5 22. Bf5 Qb7 23. Kh2 Qe7 24. Kh3 g6 25. hxg6 h5 26. gxh5 fxg6 27. Bxg6 Bf7 28. Qg4 Bxg6 29. Qxg6 Qf7 30. Bh6+ Rxh6 31. Qxh6+ Ke8 32. Re1+ Kd7 33. Nf5 Rh8 34. Qf4 Qxh5+ 35. Kg2 Qh3+ 0-1

[Event "CRO-chT2 West"]
[Site "Croatia"]
[Date "2015.03.22"]
[Round "5.1"]
[White "Mandekic, Ivan"]
[Black "Franciskovic, Vinko"]
[Result "1-0"]
[WhiteElo "2252"]
[BlackElo "2097"]
[PlyCount "67"]
[EventDate "2015.02.21"]
[EventType "team-tourn"]
[EventRounds "9"]
[EventCountry "CRO"]
[SourceTitle "EXT 2016"]
[Source "ChessBase"]
[SourceDate "2015.10.08"]
[SourceVersion "1"]
[SourceVersionDate "2015.10.08"]
[SourceQuality "1"]
[WhiteTeam "Krk"]
[BlackTeam "Rijeka Rijeka II"]
[WhiteTeamCountry "CRO"]
[BlackTeamCountry "CRO"]

1. c4 e5 2. g3 Nf6 3. Bg2 d5 4. cxd5 Nxd5 5. Nc3 Nb6 6. Nf3 Nc6 7. 0-0 Be7 8. a3 0-0 9. b4 Be6 10. Rb1 a6 11. d3 Qd7 12. Bb2 f5 13. Nd2 e4 14. dxe4 f4 15. Nf3 Qe8 16. Nd5 Rd8 17. Nd4 Nxd4 18. Qxd4 Bf6 19. Nxf6+ Rxf6 20. Qc5 Rf7 21. Bc1 fxg3 22. hxg3 Qb5 23. Bf4 c6 24. Rfd1 Re8 25. Bf3 Nc4 26. Rd3 b6 27. Qd4 g5 28. a4 Qxa4 29. Bxg5 Qc2 30. Rc1 Qa2 31. Bh5 Ref8 32. Bxf7+ Rxf7 33. Bh6 Rd7 34. Qf6 1-0

[Event "CRO-chT2 West"]
[Site "Croatia"]
[Date "2015.03.21"]
[Round "4.2"]
[White "Mufic, Goran"]
[Black "Franciskovic, Vinko"]
[Result "1-0"]
[WhiteElo "2259"]
[BlackElo "2097"]
[PlyCount "69"]
[EventDate "2015.02.21"]
[EventType "team-tourn"]
[EventRounds "9"]
[EventCountry "CRO"]
[SourceTitle "EXT 2016"]
[Source "ChessBase"]
[SourceDate "2015.10.08"]
[SourceVersion "1"]
[SourceVersionDate "2015.10.08"]
[SourceQuality "1"]
[WhiteTeam "Rijeka Junior"]
[BlackTeam "Rijeka Rijeka II"]
[WhiteTeamCountry "CRO"]
[BlackTeamCountry "CRO"]

1. d4 d5 2. Nf3 Nf6 3. Bf4 e6 4. e3 Bd6 5. Bg3 0-0 6. Nbd2 c5 7. c3 Nc6 8. Bd3 Re8 9. Ne5 cxd4 10. exd4 Qc7 11. f4 Ne7 12. 0-0 Nf5 13. Bf2 h5 14. h3 g6 15. g4 Ng7 16. Bh4 Be7 17. Bxf6 Bxf6 18. Ndf3 Bd7 19. Qc2 Rac8 20. gxh5 gxh5 21. Bh7+ Kf8 22. Ng5 Re7 23. Bg6 Bxg5 24. fxg5 Nf5 25. Bxf5 exf5 26. Nxd7+ Qxd7 27. Qxf5 Qc7 28. Rf4 Kg8 29. Raf1 Rce8 30. Qxd5 Rd8 31. Qf3 Rde8 32. Qxh5 Re3 33. Rh4 Rg3+ 34. Kf2 Rf3+ 35. Kxf3 1-0

[Event "CRO-chT2 West"]
[Site "Croatia"]
[Date "2014.03.29"]
[Round "4.53"]
[White "Franciskovic, Vinko"]
[Black "Bulic, Josip"]
[Result "0-1"]
[WhiteElo "2103"]
[BlackElo "2222"]
[PlyCount "52"]
[EventDate "2014.03.15"]
[EventType "team-tourn"]
[EventRounds "9"]
[EventCountry "CRO"]
[SourceTitle "EXT 2019"]
[Source "ChessBase"]
[SourceDate "2018.10.10"]
[SourceVersion "1"]
[SourceVersionDate "2018.10.10"]
[SourceQuality "1"]
[WhiteTeam "Rijeka CC II"]
[BlackTeam "Buje"]
[WhiteTeamCountry "CRO"]
[BlackTeamCountry "CRO"]

1. e4 Nf6 2. Nc3 d5 3. e5 Nfd7 4. e6 fxe6 5. d4 c6 6. Bd3 g6 7. h4 e5 8. h5 e4 9. hxg6 exd3 10. Rxh7 Rg8 11. g7 Bxg7 12. Qg4 Nf8 13. Qh5+ Kd7 14. Qf5+ Ne6 15. Nf3 Qf8 16. Ne5+ Bxe5 17. Qxe5 Rxg2 18. Be3 Ng5 19. Kf1 Rg1+ 20. Kxg1 Nf3+ 21. Kf1 Nxe5 22. dxe5 Qg8 23. Rh6 Kc7 24. cxd3 Bf5 25. Ke2 d4 26. Bxd4 Qg4+ 0-1

[Event "CRO-chT2 West"]
[Site "Croatia"]
[Date "2013.10.20"]
[Round "9.46"]
[White "Franciskovic, Vinko"]
[Black "Mainenti, Kevin"]
[Result "1-0"]
[WhiteElo "2111"]
[BlackElo "1764"]
[PlyCount "63"]
[EventDate "2013.03.16"]
[EventType "team-tourn"]
[EventRounds "9"]
[EventCountry "CRO"]
[SourceTitle "EXT 2019"]
[Source "ChessBase"]
[SourceDate "2018.10.10"]
[SourceVersion "1"]
[SourceVersionDate "2018.10.10"]
[SourceQuality "1"]
[WhiteTeam "Karlobag"]
[BlackTeam "Porec Gortan"]
[WhiteTeamCountry "CRO"]
[BlackTeamCountry "CRO"]

1. e4 Nc6 2. Nf3 e5 3. Bc4 Bc5 4. c3 d6 5. d4 exd4 6. cxd4 Bb6 7. h3 h6 8. 0-0 Nf6 9. Nc3 0-0 10. Bf4 Re8 11. Re1 Ba5 12. Bd3 Nb4 13. Bb1 Nc6 14. a3 Bxc3 15. bxc3 b6 16. Qc2 g6 17. Bxh6 Nh5 18. Ba2 Qf6 19. Bg5 Qg7 20. Rad1 Nd8 21. Qa4 Qf8 22. Bxd8 Rxd8 23. Ng5 Rd7 24. Qc6 Rb8 25. e5 d5 26. e6 Re7 27. exf7+ Kg7 28. Rxe7 Qxe7 29. Qe8 Qf8 30. Bxd5 Bb7 31. Qe5+ Nf6 32. Ne6+ 1-0

[Event "CRO-chT2 West"]
[Site "Rijeka"]
[Date "2012.10.13"]
[Round "7.36"]
[White "Milevoj, Marko"]
[Black "Franciskovic, Vinko"]
[Result "1/2-1/2"]
[WhiteElo "1913"]
[BlackElo "2127"]
[PlyCount "70"]
[EventDate "2012.03.17"]
[EventType "team-tourn"]
[EventRounds "9"]
[EventCountry "CRO"]
[SourceTitle "EXT 2013"]
[Source "ChessBase"]
[SourceDate "2012.11.22"]
[SourceVersion "1"]
[SourceVersionDate "2012.11.22"]
[SourceQuality "1"]

1. c4 e5 2. Nc3 Nf6 3. e3 Bb4 4. d4 e4 5. Bd2 Bxc3 6. Bxc3 0-0 7. Qc2 c6 8. Ne2 Re8 9. Nf4 d5 10. Be2 Bf5 11. h3 dxc4 12. Bxc4 b5 13. Bb3 a5 14. a4 b4 15. Bd2 Qd6 16. Rc1 Bd7 17. Qc4 Qe7 18. 0-0 Na6 19. Rfd1 Nd5 20. Nxd5 cxd5 21. Qe2 Qd6 22. f4 Rec8 23. Rxc8+ Rxc8 24. Rc1 Rxc1+ 25. Bxc1 Nc7 26. Qc2 Na8 27. Bd2 Qc6 28. Qxc6 Bxc6 29. Bd1 Nb6 30. b3 Kf8 31. g4 Ke7 32. Kf2 Kd6 33. Ke2 Nd7 34. Be1 Nb6 35. Kd2 Kd7 1/2-1/2

[Event "Zagreb op-B"]
[Site "Zagreb"]
[Date "2012.03.10"]
[Round "6"]
[White "Franciskovic, Vinko"]
[Black "Kristovic, Marijan"]
[Result "0-1"]
[WhiteElo "2127"]
[BlackElo "2267"]
[PlyCount "66"]
[EventDate "2012.03.05"]
[EventType "swiss"]
[EventRounds "9"]
[EventCountry "CRO"]
[SourceTitle "CBM 147 Extra"]
[Source "ChessBase"]
[SourceDate "2012.04.24"]
[SourceVersion "1"]
[SourceVersionDate "2012.04.24"]
[SourceQuality "1"]

1. e4 c5 2. Nf3 a6 3. c4 Nc6 4. d4 cxd4 5. Nxd4 e5 6. Nc2 Bc5 7. Bd3 d6 8. 0-0 Nf6 9. Nc3 h6 10. Be3 b6 11. b4 Bxe3 12. fxe3 Ne7 13. Qf3 0-0 14. Qg3 Nh7 15. Rf2 Be6 16. Raf1 Rc8 17. Nd5 Bxd5 18. exd5 f5 19. a3 Nf6 20. Rxf5 Nxf5 21. Bxf5 Rxc4 22. Qg6 Kh8 23. Be6 Rc7 24. g4 Qe8 25. Qd3 Ng8 26. Rxf8 Qxf8 27. Ne1 Rc1 28. Qd2 Ra1 29. Qc3 Ra2 30. Bf5 Ne7 31. Qb3 Re2 32. Kf1 Rxh2 33. Nf3 Nxf5 0-1

[Event "CRO-chT2 West"]
[Site "Croatia"]
[Date "2011.11.06"]
[Round "9.35"]
[White "Franciskovic, Vinko"]
[Black "Kolic, Michael"]
[Result "1/2-1/2"]
[WhiteElo "2132"]
[BlackElo "1901"]
[PlyCount "23"]
[EventDate "2011.03.12"]
[EventType "team-tourn"]
[EventRounds "9"]
[EventCountry "CRO"]
[SourceTitle "EXT 2014"]
[Source "ChessBase"]
[SourceDate "2013.11.20"]
[SourceVersion "1"]
[SourceVersionDate "2013.11.20"]
[SourceQuality "1"]

1. e4 e6 2. d4 d5 3. exd5 exd5 4. Bd3 Nf6 5. Bg5 Be7 6. Ne2 0-0 7. 0-0 c6 8. Nbc3 Bg4 9. Qd2 Nbd7 10. f3 Bh5 11. Ng3 Bg6 12. Bxg6 1/2-1/2

[Event "CRO-chT2 West"]
[Site "Croatia"]
[Date "2011.11.05"]
[Round "7.45"]
[White "Franciskovic, Vinko"]
[Black "Derencinovic, Radoslav"]
[Result "1-0"]
[WhiteElo "2132"]
[BlackElo "1922"]
[PlyCount "53"]
[EventDate "2011.03.12"]
[EventType "team-tourn"]
[EventRounds "9"]
[EventCountry "CRO"]
[SourceTitle "EXT 2014"]
[Source "ChessBase"]
[SourceDate "2013.11.20"]
[SourceVersion "1"]
[SourceVersionDate "2013.11.20"]
[SourceQuality "1"]

1. e4 c5 2. Nf3 Nc6 3. d4 cxd4 4. Nxd4 d6 5. Nc3 Nf6 6. Bc4 Ne5 7. Bb3 a6 8. a4 Nc6 9. Nxc6 bxc6 10. e5 Nd7 11. exd6 exd6 12. 0-0 Be7 13. Re1 0-0 14. Qe2 Bf6 15. Ne4 Be5 16. Bg5 Qc7 17. Be7 Re8 18. Bxd6 Bxd6 19. Bxf7+ Kf8 20. Bxe8 Bxh2+ 21. Kh1 Ne5 22. Ng3 Bxg3 23. fxg3 Ng4 24. Rf1+ Nf6 25. Rae1 Ra7 26. Bh5 Qd7 27. Qe8+ 1-0

[Event "Mediterranean op-B 4th"]
[Site "Rijeka"]
[Date "2010.11.16"]
[Round "5"]
[White "Franciskovic, Vinko"]
[Black "Plenca, Jadranko"]
[Result "1-0"]
[WhiteElo "2111"]
[BlackElo "1762"]
[PlyCount "90"]
[EventDate "2010.11.13"]
[EventType "swiss"]
[EventRounds "9"]
[EventCountry "CRO"]
[SourceTitle "EXT 2011"]
[Source "ChessBase"]
[SourceDate "2010.11.26"]
[SourceVersion "1"]
[SourceVersionDate "2010.11.26"]
[SourceQuality "1"]

1. e4 e5 2. Nf3 Nc6 3. Bc4 Nf6 4. d4 exd4 5. Ng5 Ne5 6. Bb3 Bb4+ 7. c3 dxc3 8. bxc3 Bc5 9. f4 Neg4 10. Qe2 0-0 11. Nxf7 Rxf7 12. Bxf7+ Kxf7 13. e5 Nf2 14. exf6 d5 15. Qh5+ Kg8 16. f7+ Kh8 17. f8Q+ Qxf8 18. 0-0 Bg4 19. Qh4 Ne4+ 20. Kh1 Be2 21. Rf3 Bxf3 22. gxf3 Nf2+ 23. Kg2 Re8 24. Ba3 Bxa3 25. Nxa3 Nd3 26. Nb5 Qxf4 27. Qxf4 Nxf4+ 28. Kg3 Ne2+ 29. Kf2 c6 30. Nd6 Re6 31. Nxb7 Nxc3 32. Rc1 Nxa2 33. Ra1 Nc3 34. Rxa7 h6 35. Nc5 Rf6 36. Ke3 d4+ 37. Kf2 Rd6 38. Nd3 Re6 39. Rd7 Nd5 40. f4 Re4 41. f5 Nf6 42. Rc7 Re3 43. Nf4 Ne4+ 44. Kg2 d3 45. Ng6+ Kh7 1-0

[Event "CRO-chT2 West"]
[Site "Croatia"]
[Date "2010.10.24"]
[Round "8.42"]
[White "Franciskovic, Vinko"]
[Black "Vrhovnik, Damir"]
[Result "1-0"]
[WhiteElo "2114"]
[BlackElo "2066"]
[PlyCount "85"]
[EventDate "2010.03.27"]
[EventType "team-tourn"]
[EventRounds "9"]
[EventCountry "CRO"]
[SourceTitle "EXT 2012"]
[Source "ChessBase"]
[SourceDate "2011.11.24"]
[SourceVersion "1"]
[SourceVersionDate "2011.11.24"]
[SourceQuality "1"]

1. e4 c5 2. Nf3 d6 3. d4 cxd4 4. Nxd4 Nf6 5. Nc3 g6 6. Bc4 a6 7. 0-0 Bg7 8. a4 0-0 9. f3 Qb6 10. Be3 Qxb2 11. Qd3 Qb4 12. a5 d5 13. Bxd5 e6 14. Bb3 Rd8 15. e5 Nd5 16. Bxd5 exd5 17. f4 Nc6 18. Nxc6 bxc6 19. Rfb1 Qe7 20. Na4 Bf5 21. Qc3 f6 22. Bd4 fxe5 23. fxe5 Qg5 24. Rb7 Be4 25. Qg3 Qxg3 26. hxg3 Bxc2 27. Nb6 Rab8 28. Rc7 Be4 29. Rxc6 Rb7 30. Rac1 Re7 31. Nc8 Rb7 32. Rxa6 Rb4 33. Ne7+ Kh8 34. Nc6 Bh6 35. Nxd8 Bxc1 36. e6+ Rxd4 37. e7 Rd1+ 38. Kh2 Be3 39. e8Q+ Kg7 40. Qe5+ Kg8 41. Qe6+ Kg7 42. Qf6+ Kh6 43. Nf7+ 1-0

[Event "Zadar op-B 16th"]
[Site "Zadar"]
[Date "2009.12.16"]
[Round "6"]
[White "Franciskovic, Vinko"]
[Black "Pandurevic, Miro"]
[Result "0-1"]
[WhiteElo "2108"]
[BlackElo "2277"]
[PlyCount "48"]
[EventDate "2009.12.13"]
[EventType "swiss"]
[EventRounds "9"]
[EventCountry "CRO"]
[SourceTitle "CBM 133 Extra"]
[Source "ChessBase"]
[SourceDate "2010.01.05"]
[SourceVersion "1"]
[SourceVersionDate "2010.01.05"]
[SourceQuality "1"]

1. e4 e6 2. d4 d5 3. e5 c5 4. dxc5 Nc6 5. Nf3 Nge7 6. Bd3 Ng6 7. Qe2 Qc7 8. Bxg6 hxg6 9. Bf4 Bxc5 10. c3 a5 11. Nbd2 b6 12. Rc1 Ba6 13. c4 Rd8 14. 0-0 dxc4 15. Nxc4 0-0 16. Ng5 Rd4 17. Be3 Rxc4 18. Rxc4 Qxe5 19. Qg4 Bxc4 20. Qxc4 Bxe3 21. fxe3 Qxe3+ 22. Kh1 Qxg5 23. Qxc6 Qc5 24. Qd7 Qc4 0-1

[Event "Zadar op-B 16th"]
[Site "Zadar"]
[Date "2009.12.14"]
[Round "2"]
[White "Franciskovic, Vinko"]
[Black "Djurovic, Goran"]
[Result "1-0"]
[WhiteElo "2108"]
[BlackElo "2294"]
[PlyCount "82"]
[EventDate "2009.12.13"]
[EventType "swiss"]
[EventRounds "9"]
[EventCountry "CRO"]
[SourceTitle "CBM 133 Extra"]
[Source "ChessBase"]
[SourceDate "2010.01.05"]
[SourceVersion "1"]
[SourceVersionDate "2010.01.05"]
[SourceQuality "1"]

1. e4 c5 2. Nf3 d6 3. d4 cxd4 4. Nxd4 Nf6 5. Nc3 a6 6. Bc4 e6 7. Qe2 Qb6 8. Nb3 Nc6 9. Be3 Qc7 10. a4 Ne5 11. Bd3 b6 12. a5 b5 13. Bxb5+ axb5 14. Nxb5 Qd7 15. f4 Nc6 16. Bb6 Ba6 17. c4 Bxb5 18. cxb5 Na7 19. Bxa7 Qxa7 20. b6 Qb7 21. Qb5+ Nd7 22. 0-0 Be7 23. Rfc1 Bd8 24. Rc6 0-0 25. Rxd6 Nb8 26. Nc5 Qe7 27. Rad1 e5 28. b4 exf4 29. Qd3 Bxb6 30. Rxb6 Rxa5 31. Rb7 Qg5 32. bxa5 Qxc5+ 33. Kh1 Qxa5 34. Qd6 Nc6 35. Qxc6 f3 36. gxf3 Qe5 37. Qd6 Qg5 38. Rb8 h6 39. Qxf8+ Kh7 40. Qg8+ Kg6 41. Rg1 Qg2+ 1-0

[Event "CRO-Cup 18th"]
[Site "Sibenik"]
[Date "2009.05.23"]
[Round "4"]
[White "Vargic, Drago"]
[Black "Franciskovic, Vinko"]
[Result "1-0"]
[WhiteElo "2383"]
[BlackElo "2090"]
[PlyCount "63"]
[EventDate "2009.05.20"]
[EventType "team-tourn"]
[EventRounds "5"]
[EventCountry "CRO"]
[SourceTitle "CBM 130 Extra"]
[Source "ChessBase"]
[SourceDate "2009.07.02"]
[SourceVersion "2"]
[SourceVersionDate "2009.07.15"]
[SourceQuality "1"]

1. e4 e5 2. Nf3 Nc6 3. Bc4 Nf6 4. d3 Bc5 5. c3 d6 6. 0-0 Bb6 7. Nbd2 Be6 8. Bxe6 fxe6 9. Nc4 0-0 10. a4 Nd7 11. a5 d5 12. axb6 dxc4 13. bxc7 Qxc7 14. dxc4 Nc5 15. Qc2 Rad8 16. Be3 Nd3 17. Rfd1 Nf4 18. b4 Rxd1+ 19. Qxd1 Rd8 20. Qf1 a5 21. g3 Nd3 22. Ng5 Qc8 23. Bb6 Rd7 24. Qh3 h6 25. Qxe6+ Kh8 26. Nf7+ Kh7 27. b5 Nf4 28. Qg4 h5 29. Qf5+ g6 30. Qf6 Nh3+ 31. Kg2 Ne7 32. Nxe5 1-0